000 00976nam a2200313 a 4500
001 000108174
003 CHAP
005 20220329144001.0
008 131213s2013 flu| |r| |||1|||eng|d
010 _a104636
011 _a105608
020 _a9781439826379
040 _cCHAP
082 0 4 _a578.76
_bN41
100 0 0 _aNeilson, Alasdair H.
_980747
245 1 0 _aOrganic chemicals in the environment :
_bMechanisms of degradation and transformation /
_cpor Alasdair H. Neilson y Ann Sofie Allard.
250 _a2 ed.
260 3 _aBoca Raton, Fl. :
_bCRC Press,
_c2013.
300 _axxix, 1017 p.
590 _aBATCH-UPD
_b05
_c20131213
_lUCH01
_h1415
590 _aE792CSJ
_b05
_c20131213
_lUCH01
_h1415
650 1 4 _aAgua
_xContaminación.
_92351
650 1 4 _aContaminantes orgánicos del agua
_xaspectos ambientales.
_9125053
650 1 4 _aOrganismos acuáticos.
_983516
700 1 _aAllard, Ann Sofie
_9125047
901 _aBK
942 _cLIBRO
942 _n0
999 _c104636
_d104636